000 00954nam a2200277Ia 4500
003 OSt
005 20250203085911.0
008 210716s2008 xx 000 0 und d
020 _a9788131502686
040 _cAIMIT LIBRARY
041 _aeng
082 _a005.7401
_21
_bRAJC
100 _aRajan, Claire.
_9196941
245 _aOracle 10g database administrator II :
_bBackup recovery and network administration /
_cBy Claire Rajan.
250 _a1
260 _aNew Delhi
_bCengage Learning India Pvt Ltd
_c2008
300 _axx,627 p.;
_bPB
_c25 cm.
650 _aRecovery in oracle 10g
_9196942
650 _aRecovering from user errors
_9196943
650 _aHandling block corruption
_9196944
650 _aAutomatic database management
_9196945
650 _aAutomatic memory management
_9196946
650 _aGlobalisation support
_9197022
650 _adiagnostic tools and the oracle listener
_9197023
942 _2ddc
_cBK
_k005.7401 RAJC
999 _c190584
_d190584